000 00601nab#a2200193#c#4500
999 _c87735
_d87735
003 IEF
005 20191204123219.0
008 950704s1976 uuu|| #####0 b| |u
040 _aIEF
_cES-MaIEF
100 1 _aBreña Cruz, Fernando Aníbal
_97364
245 _aAntonio Flores de Lemus y la imposición patrimonial española
_cFernando A. Breña Cruz
260 _c1976
650 4 _aIMPUESTO SOBRE EL PATRIMONIO
_946430
650 4 _aFLORES DE LEMUS, ANTONIO (1876-1941)
_944347
773 0 _tHacienda pública española
_w34570
_g42-43, p. 205-211
942 _2udc
942 _2udc